000 00842nam a22003137a 4500
001 BR2011001112
003 BR-BrBNA
005 20230928103506.0
007 ta
008 230509b bl.||||| |||| 00| 0 por d
040 _aBR-BrBNA
_bpor
_cBiblioteca Nacional de Agricultura
041 _a(Por)
072 _aH20; H10
_b1000
_b4110
_b4020
090 _ 1000 BR2011001112
110 1 _aFundo de Defesa da Citricultura, Araraquara, SP (Brasil)
_95192
245 1 _aManual técnico de CVC
260 3 _aAraraquara, SP (Brasil):
_c2007.
300 _a11 p.
500 _a31 illus.
650 _aFRUTA CÍTRICA
650 _aBACTÉRIA
650 _aSINTOMA
650 _aPODA
650 _aCIGARRINHA
650 _aTRANSMISSÃO DE DOENÇA
650 _aCONTROLE QUÍMICO
909 _a202309
_bLucia
_c55
_dLucia Elande
942 _cBK
999 _c75346
_d75346